Letras que no comienzan una provincia española - Estadísticas

Estadísticas generales
  • Esta prueba ha sido intentada 168 veces
  • La puntuación promedio es 5 de 10
Estadísticas de respuestas
Letra % Correcto
X
56%
D
55%
F
55%
E
52%
W
52%
K
51%
Y
48%
Q
40%
U
27%
R
26%
No se encontraron pruebas coincidentes
Distribución de puntuación
Porcentaje de gente con cada puntuación
Porcentaje por número respondido
Historial de tus puntuaciones
No has intentado esta prueba.